000 006420000a22001930004500
999 _c60139
_d60139
001 768714001
003 CO-MdFUSB
005 20170726150256.0
008 170726s1997 ag ||||| |||| 00| 0 spa d
022 _a0122-2996
040 _aCO-MdFUSB
_bspa
_cCO-MdFUSB
_dCO-MdFUSB
041 _aspa
100 1 _aSteinfeld, Guillermo Federico
_eautor
245 1 0 _aEl pastorado paternalista en iglesias de América Latina
300 _a Volumen 29. Número 66 (1997), Páginas 59-72
_c22 cm.
546 _aTexto en español
773 0 _tBoletín Teológico
_049507
_961439
_g Volumen 29. Número 66 (1997), Páginas 59-72
_qPágina 59
942 _cANA